00520cam a22001577a 4500008004000000082001500040100001600055245007300071260002800144300001000172650002700182650002800209700002000237999001900257952008600276180718b1957 xxu||||| |||| 00| 0 eng d aT3053 C547 aClark, D.T. aDicrionary of business and financecby D.T. Clark and B.A. Gottfried aNew YorkbCrowellc1957 a409p. aFinance - Dictionaries aBusiness - Dictionaries aGottfried, B.A. c362485d362485 00104070aIIPAbIIPAd1994-03-23oT3053 C547p10048r2018-07-21w2018-07-21yBK